| 000 | 00447nam a2200145Ia 4500 | ||
|---|---|---|---|
| 008 | 150610s9999 xx 000 0 und d | ||
| 020 | _a9781423163008 (hardcover) | ||
| 050 |
_aPS3568 _b.I5866 D45 2012 |
||
| 100 | _aRiordan, Rick. | ||
| 245 | 4 |
_aThe demigod diaries / _cRick Riordan. |
|
| 250 | _aFirst edition. | ||
| 260 |
_aNew York : _b Disney /Hyperion Books, _c2012. |
||
| 300 |
_a242pages ; _c19 cm. |
||
| 440 | _aThe heroes of Olympus | ||
| 999 |
_c287807 _d287807 |
||